000 00282pam a2200121a 44500
008 230405s1996 xxu||||| |||| 00| 0 eng d
041 _aENG
100 _aErnest Hemingway
245 _aThe old Man & the sea
260 _aDelhi
_bRupa & Co.
_c1996
300 _a110
906 _a2476
999 _c293819
_d293819